Regulation of Distribution of Public Securities (Record no. 2899)

MARC details
000 -LEADER
fixed length control field 00355nam a22001337a 4500
008 - FIXED-LENGTH DATA ELEMENTS--GENERAL INFORMATION
fixed length control field 250407b |||||||| |||| 00| 0 eng d
020 ## - INTERNATIONAL STANDARD BOOK NUMBER
ISBN 9782690260
100 ## - MAIN ENTRY--AUTHOR
Author SECURITIES AND Exchange
245 ## - TITLE STATEMENT
Title Regulation of Distribution of Public Securities
260 ## - PUBLICATION, DISTRIBUTION, ETC. (IMPRINT)
Place of publication Nigeria
Name of publisher The Rules Committe
Date of publication NIL
300 ## - COLLATION
Pagination 112p.
942 ## - ADDED ENTRY ELEMENTS (KOHA)
Item type Books
050 ## - LIBRARY OF CONGRESS CALL NUMBER
Classification number HJ193
Item number .S48
Holdings
Source of classification or shelving scheme Not for loan Permanent location Current location Date acquired Accession No. Full call number Barcode. Koha item type
Library of Congress Classification   Samuel Ogbemudia Main Library, University of Abuja Samuel Ogbemudia Main Library, University of Abuja 04/07/2025 2015/46011 HJ193.S48 2025-1239 Books